| 000 | 01245nam a22003017a 4500 | ||
|---|---|---|---|
| 005 | 20211105120712.0 | ||
| 008 | 130821s2002 enk gr eng | ||
| 020 | _a0198298242 | ||
| 020 | _a9780199270972 | ||
| 040 |
_aCo-BoUCM _bspa _cSaul Niño (Modificó) _d[Nuevo] |
||
| 041 | 0 | 0 | _aeng |
| 245 | 0 | 4 |
_aThe Oxford Handbook of jurisprudence and philosophy of law _ceditores Jules Coleman y Scott Shapiro , Kenneth Einar Himma |
| 246 | 3 | 0 | _aJurisprudence and philosophy of law |
| 260 |
_aOxford (Oxfordshire, Inglaterra) _bOxford University Press _c2002 |
||
| 300 | _ax, 1050 páginas | ||
| 546 | _aTexto en inglés | ||
| 650 | 0 | 4 |
_aDerecho natural _912800 |
| 650 | 0 | 4 |
_aFilosofía del derecho _915792 |
| 650 | 0 | 4 |
_aJurisprudencia _918175 |
| 650 | 0 | 4 |
_aPositivismo jurídico _922108 |
| 700 | 1 |
_aColeman, Jules L. _eeditor _994136 |
|
| 700 | 1 |
_aShapiro, Scott. _eeditor _995938 |
|
| 856 | 4 | 1 |
_3Contenido _uhttp://www.loc.gov/catdir/enhancements/fy0614/2002283629-t.html |
| 856 | 4 | 2 |
_3Biografia _uhttp://www.loc.gov/catdir/enhancements/fy0724/2002283629-b.html |
| 856 | 4 | 2 |
_3Publicador _uhttp://www.loc.gov/catdir/enhancements/fy0614/2002283629-d.html |
| 942 |
_cLIBRO _a8 _e1 _mO982 _2DEWEY _h340.1 |
||
| 999 |
_c88461 _d88461 |
||